|
|
|
|
| LEADER |
00000cam a2200000 a 4500 |
| 001 |
56515 |
| 003 |
CZ-ZlUTB |
| 005 |
20240829143111.0 |
| 007 |
ta |
| 008 |
000903s1975 ru f 000 0 rus |
| 040 |
|
|
|a ABA001
|b cze
|c ABA001
|d ABA001
|d ZLD002
|
| 072 |
|
7 |
|a 678
|x Průmysl makromolekulárních látek. Gumárenský průmysl. Průmysl plastů
|2 Konspekt
|9 19
|
| 080 |
|
|
|a 678.7/.8
|2 MRF
|
| 080 |
|
|
|a 54-126
|2 MRF
|
| 080 |
|
|
|a 543.061
|2 MRF
|
| 080 |
|
|
|a (035)
|2 MRF
|
| 100 |
1 |
|
|a Kalinina, Lidija Sergejevna
|4 aut
|
| 245 |
1 |
0 |
|a Kačestvennyj analiz polimerov /
|c L.S. Kalinina
|
| 260 |
|
|
|a Moskva :
|b Chimija,
|c 1975
|
| 300 |
|
|
|a 245 s. ;
|c 20 cm
|
| 504 |
|
|
|a Obsahuje bibliografie
|
| 650 |
0 |
7 |
|a polymery
|7 ph124310
|2 czenas
|
| 650 |
0 |
7 |
|a makromolekulární chemie
|7 ph122572
|2 czenas
|
| 650 |
0 |
7 |
|a kvalitativní analýza
|7 ph115044
|2 czenas
|
| 650 |
0 |
9 |
|a polymers
|2 eczenas
|
| 650 |
0 |
9 |
|a macromolecular chemistry
|2 eczenas
|
| 650 |
0 |
9 |
|a qualitative analysis
|2 eczenas
|
| 655 |
|
7 |
|a příručky
|7 fd133209
|2 czenas
|
| 655 |
|
9 |
|a handbooks
|2 eczenas
|
| 910 |
|
|
|a ZLD002
|
| 952 |
|
|
|0 0
|1 0
|4 0
|6 678DEGRADATION
|7 0
|8 BOOK
|9 103663
|a UTBZL
|b UTBZL
|c 030
|d 2010-06-28
|l 0
|o 678/DEGRADATION
|p 420010116298
|r 2019-08-26 00:00:00
|v 8.00
|w 2019-08-26
|x N: převod SPUR | 20100831
|y 05
|
| 990 |
|
|
|a SPUR
|
| 992 |
|
|
|a BK
|b SK
|c SPUR
|
| 998 |
|
|
|a 000133906
|
| 999 |
|
|
|c 56515
|d 56515
|